| 000 | 01074nas a2200277Ia 4500 | ||
|---|---|---|---|
| 001 | A02/R015-13244 [r000010602] | ||
| 003 | IT-MiCISF | ||
| 008 | 161014c99999999xx |||||||||||| ||und|| | ||
| 040 |
_aIT-MiCISF _cIT-MiCISF |
||
| 041 | _aFRANCESE | ||
| 100 | _aPerrot Michelle | ||
| 210 | _aLe groupe familial | ||
| 222 | _aLe groupe familial | ||
| 240 | _aAdolescents: cherchez la crise! | ||
| 245 | 0 | _aAdolescents: cherchez la crise! | |
| 250 | _a1a ed. | ||
| 260 | _c1986 | ||
| 501 |
_bCISF - Centro Internazionale Studi Famiglia - Via Giotto, 36 20145 MILANO (non commercial uses only) _cCopyright 2016 |
||
| 300 | _app. 1-103 | ||
| 362 | _an. 113, ottobre-dicembre [1986] | ||
| 500 | _aBirraux M., Marcelli D., Braconnier A., Morval M., Neitzert F., Lagrée J.-C-., Thiriet M., Dolivet G., Lobrot M., Galland O., Cabaud M. Tema: adolescenza, giovani, ciclo-familiare, conflitto, figli-adolescenti, distacco, sessualità, scuola, disturbi-alime | ||
| 650 |
_aetà evolutiva _vrivista |
||
| 700 | _aAA.VV. | ||
| 942 | _cCR | ||
| 957 | _71 | ||
| 999 |
_a13244 _bSi _g1 _c228070 _d228070 |
||